| 000 | 01071cam a2200337 4500 | ||
|---|---|---|---|
| 001 | J119823 | ||
| 008 | 011121n2002 000 0 eng u | ||
| 035 | _a(Sirsi) u119823 | ||
| 050 | _a333.72 | ||
| 110 |
_aRoyal Institution of Chartered Surveyors _94900 |
||
| 240 | _aRICS global manifesto | ||
| 245 | _aRICS global manifesto summary | ||
| 260 |
_aLondon _bRICS _c2002 |
||
| 300 |
_a7p. _c30cm. |
||
| 520 | _aExecutive summery of the definitive "RICS global manifesto" which brings together key issues and recommended actions in fields ranging from housing to the rural economy, to construction and property rights. | ||
| 650 | _aBUILT ENVIRONMENT | ||
| 650 | _aAGENDA FOR CHANGE | ||
| 650 | _aGLOBAL DEVELOPMENT | ||
| 650 | _aGLOBAL ECONOMY | ||
| 650 | _aGLOBAL MANIFESTO | ||
| 650 | _aGLOBALISATION | ||
| 650 | _aHOUSING | ||
| 650 |
_aLand use _96251 |
||
| 650 | _aRICS | ||
| 650 | _aRURAL COMMUNITIES | ||
| 650 | _aSURVEYING | ||
| 650 |
_aSustainability _96271 |
||
| 650 | _aTRANSPORT | ||
| 690 | _aDEVELOPMENT-SUSTAINABLE | ||
| 942 | _n0 | ||
| 999 |
_c102416 _d102416 |
||